01535cam a2200385 a 4500001000800000005001700008008004100025010001700066020001500083020001800098035001200116040001800128043001200146050002100158082001900179100002100198245008000219260006200299300002600361336002600387337002800413338002700441490003200468504005100500650006000551650007000611651004900681651005800730830004800788856010400836906004500940942001500985952013201000999001701132210846920260507124043.0960820s1996 pau b 001 0 eng  a 96042499  a1563381753 a9781563381751 a2108469 aDLCcDLCdDLC an-us---00aBR516b.W88 199600a261.7220bWUT1 aWuthnow, Robert.10aChristianity and civil society :bthe contemporary debate cRobert Wuthnow. aValley Forge, Pa. :bTrinity Press International,cc1996. avii, 103 p. ;c24 cm. atextbtxt2rdacontent aunmediatedbn2rdamedia avolumebnc2rdacarrier1 aThe Rockwell lecture series aIncludes bibliographical references and index. 0aChurch and statezUnited StatesxHistoryy20th century. 0aChurch and social problemszUnited StatesxHistoryy20th century. 0aUnited StatesxChurch historyy20th century. 0aUnited StatesxPolitics and governmenty20th century. 0aRockwell lecture series (Valley Forge, Pa.)423Contributor biographical informationuhttp://www.loc.gov/catdir/enhancements/fy1117/96042499-b.html a7bcbccorignewd1eocipf19gy-gencatlg 2ddccBKn0 00102ddc4070aHMIbHMIcGENd2026-05-07eKohinoor Book Distributorg2307.00l0o261.7 WUTp26029r2026-05-07w2026-05-07yBK c23706d23706